Vista normal
Vista MARC
Entrada Personal Name
Número de registros utilizados en: 1
001 - CONTROL NUMBER
- control field: 2731
003 - CONTROL NUMBER IDENTIFIER
- control field: OSt
005 - DATE AND TIME OF LATEST TRANSACTION
- control field: 20131017165228.0
008 - FIXED-LENGTH DATA ELEMENTS
- fixed length control field: 131017|||a|||||| | ||| d
040 ## - CATALOGING SOURCE
- Original cataloging agency: OSt
- Transcribing agency: OSt
100 ## - HEADING--PERSONAL NAME
- Personal name: Ramos, Silvina
670 ## - SOURCE DATA FOUND
- Source citation: Work cat.: (OSt): Szulik, Dalia 2730, Seminario VI: La responsabilidad de los medicos ante las politicas publicas sobre anticoncepcion y aborto, 2002